000 00309nam a22001337a 4500
008 170620b xxu||||| |||| 00| 0 eng d
020 _a2900787969584
041 _aeng
080 _a321
100 _a20
101 _aSHP
245 _aVULNERABLE POPULATIONS IN THE UNITED STATES
_cSHI, L
942 _2udc
_cBK
999 _c18278
_d18278